Normal view
MARC view
- Saleem, Rahat Zeeshan
Entry Personal Name
001 - CONTROL NUMBER
- control field: 120161
003 - CONTROL NUMBER IDENTIFIER
- control field: NUST
005 - DATE AND TIME OF LATEST TRANSACTION
- control field: 20240130161358.0
008 - FIXED-LENGTH DATA ELEMENTS
- fixed length control field: 240130|| aca||aabn | a|a d
040 ## - CATALOGING SOURCE
- Original cataloging agency: NUST
- Transcribing agency: NUST
100 ## - HEADING--PERSONAL NAME
- Personal name: Saleem, Rahat Zeeshan
670 ## - SOURCE DATA FOUND
- Source citation: Work cat.: (NUST): Saleem, Rahat Zeeshan, A NOVEL INTEGRATED APPROACH FOR CIRCULAR SUPPLIER SELECTION: COMBINING FUZZY SIMPLIFIED BEST WORST METHOD (F-SBWM) AND FUZZY DECISION MAKING TRIAL AND EVALUATION LABORATORY (FDEMATEL)/
